Carnal knowledge and imperial power : race and the intimate in colonial rule
Saved in:
| Main Author: | |
|---|---|
| Format: | Book |
| Language: | English |
| Published: |
Berkeley :
University of California Press,
c2002.
|
| Subjects: | |
| Tags: |
Add Tag
No Tags, Be the first to tag this record!
|
MARC
| LEADER | 00000cam a2200000 a 4500 | ||
|---|---|---|---|
| 001 | 1/109821 | ||
| 008 | 160203s2002####cau| ||| |||||||eng|| | ||
| 020 | |a 9780520262461 | ||
| 040 | |a GR-MyUa |b gre |c GR-MyUa |e AACR2 | ||
| 041 | 0 | |a eng | |
| 082 | 7 | |a 305.8009 |2 (23) | |
| 100 | 1 | |a Stoler, Ann Laura. | |
| 245 | 1 | 0 | |a Carnal knowledge and imperial power : |b race and the intimate in colonial rule / |c Ann Laura Stoler. |
| 260 | |a Berkeley : |b University of California Press, |c c2002. | ||
| 300 | |a xi, 335 σ. ; |c 24 εκ. | ||
| 504 | |a Περιλαμβάνει βιβλιογραφία (σ. 285-317) και ευρετήριο. | ||
| 650 | 0 | |a Race relations | |
| 650 | 0 | |a Sex customs. | |
| 650 | 0 | |a Imperialism. | |
| 651 | 0 | |a Europe |x Colonies. | |
| 852 | |a INST |b LESVOS |e 20160203 |h 305.8009 STO |p 005100057699 |q 005100057699 |t BK |y 0 | ||
| 970 | |a Τζαφέρη |b Ευαγγελία |z 03-02-2016 | ||